| 000 | 00450pab a2200169 454500 | ||
|---|---|---|---|
| 008 | 180718b2004 xxu||||| |||| 00| 0 eng d | ||
| 100 | _aCross, Simon | ||
| 245 | _aPublic images and private lives: the media and politics in New Zealand | ||
| 260 | _c2004 | ||
| 300 | _ap.142-56. | ||
| 362 | _aJan | ||
| 650 | _aMass media - New Zealand | ||
| 650 | _aMass media | ||
| 700 | _aHenderson, John | ||
| 773 | _aParliamentary Affairs | ||
| 909 | _a60513 | ||
| 999 |
_c60513 _d60513 |
||